000 nam a22 7a 4500
999 _c369996
_d369996
003 BLK
005 20200622121437.0
008 200622b bu ||||| |||| 00| 0 bu d
040 _aBLK
041 _aBUL
_cBUL
080 _aОрганизационни форми. Гъвкавост и неподвижност. Вж и 65.014
_b65.014
_z65.014
100 _9250289
_aНиколов, Никола Стефанов
_eпърви автор
139 _aНиколов, Никола Стефанов
_bН 74
245 _aОрганизация, организационна структура на управлението
_b[Моногр.]
_cНикола Николов
260 _9215338
_aСофия
_bИнст. за соц. управл. при ЦК на БКП
_c1982
300 _a149 с.
_bсъс сх., табл.
_c21 см
380 _a62
650 7 _9174810
_aУправление и организация - социалистическо общество
852 _aЦб 120147
_bЦб
942 _cKNG
_n0
_s1
944 _aCR
_c2020-06-22
_kВасилка Ганчева